Tilastot visalle 12 x 12 Kertotaulu - Minuutin Sprintti

Klikkaa tästä pelataksesi tätä visaa!

Yleistilastot

  • Tätä visaa on pelattu 1 794 kertaa
  • Keskiarvotulos 89 / 144

Vastaustilastot

vastaus% Oikein
1
100%
2
100%
3
99%
4
99%
6
99%
5
98%
7
98%
8
98%
9
97%
10
96%
12
96%
20
90%
14
88%
16
88%
24
87%
18
86%
11
84%
15
82%
30
79%
22
78%
21
71%
40
70%
25
67%
36
67%
28
65%
50
62%
27
59%
60
59%
35
55%
32
53%
33
53%
45
50%
55
49%
48
47%
44
46%
70
41%
42
39%
80
37%
90
37%
100
36%
66
29%
56
27%
49
25%
54
25%
72
24%
77
23%
88
22%
120
21%
99
21%
110
20%
63
15%
64
14%
81
14%
144
12%
84
11%
121
10%
96
9%
108
8%
132
8%

Tulosjakauma

Persentiili vastausten määrän mukaan

Jokaisen tuloksen saaneiden osuus

Tuloshistoriasi

Et ole pelannut tätä visaa